000
00266 a2200097 4500
001
26631
100
_a
Spalding, D.B
245
_a
Genomic a general computer program for two dimensional parabolic phenomena
260
_a
_b
Pergaon press
_c
1977
090
_c
17925
_d
17925
942
_a
NUST-CAE
_c
M
_c
8808
999
_c
261704
_d
261704